| 000 | 00994nam2a22002531 4500 | ||
|---|---|---|---|
| 001 | rc\3474654 | ||
| 005 | 20250610021657.0 | ||
| 021 |
_aRU _b[72-39711] |
||
| 035 | _a(NLR Aleph) 007641736 | ||
| 090 |
_a6133201 _c6133201 |
||
| 100 | _a20130115d1972 |||y0rusy50 ca | ||
| 101 | 0 | _arus | |
| 102 | _aRU | ||
| 105 | _aa z ||||| | ||
| 200 | 0 |
_aВып. 4 _e[В 4 вып.] |
|
| 210 |
_d1972 _aБ. м. |
||
| 215 |
_a214 с. _cчерт. _d21 |
||
| 461 | 0 |
_1001rc\3469919 _12001#$aНасосы$eТехн. характеристики и данные для подбора$eВып. 1-$vВып. 4 _95660510 _cМосква _d1970 _nМоск. филиал ЦИТП Госстроя СССР _oТехн. характеристики и данные для подбора : Вып. 1- _tНасосы _vВып. 4 |
|
| 606 |
_aНасосы _xТехнические характеристики _2psbo |
||
| 801 | 0 |
_aRU _bNLR _gpsbo |
|
| 801 | 1 |
_aRU _bELAR _2rusmarc |
|
| 852 |
_aNLR _j72-5/729 |
||
| 942 | _cBOOK | ||
| 980 | _aNB | ||